Największe państwa na literę S - Statystyki

Ogólne statystyki
  • Ten quiz został rozwiązany 31 razy
    22 od ostatniego zresetowania
  • Średni wynik to 4 z 5
Statystyki odpowiedzi
Powierzchnia (km²) Miejsce na świecie
pod względem powierzchni
Państwo % Poprawnych
450 295 55 Szwecja
100%
9 525 067 4 Stany Zjednoczone
89%
1 861 484 15 Sudan
67%
644 329 41 Sudan Południowy
56%
637 657 42 Somalia
50%
Nie znaleziono quizów pasujących do podanych kryteriów
Rozkład punktacji
Procent ludzi z każdym wynikiem
Percentyl według liczby udzielonych odpowiedzi
Twoja historia wyników
Nie rozwiązałeś tego quizu od ostatniego zresetowania